[Event "Malakhatko Memorial op"]
[Site "Chess.com INT"]
[Date "2023.06.14"]
[Round "9"]
[White "Muchychca, Sergey"]
[Black "Najgebauer, Szemjon"]
[Result "1-0"]
[WhiteElo "1773"]
[BlackElo "2149"]
[PlyCount "107"]
[EventDate "2023.06.14"]
[EventType "swiss (blitz)"]
[EventRounds "11"]
[EventCountry "USA"]
[SourceTitle "CBM 214 Extra"]
[Source "ChessBase"]
[SourceDate "2023.07.31"]
[SourceVersion "1"]
[SourceVersionDate "2023.07.31"]
[SourceQuality "1"]

1. e4 c5 2. c3 Nf6 3. e5 Nd5 4. d4 cxd4 5. cxd4 Nc6 6. Nc3 Nxc3 7. bxc3 d6 8. exd6 e6 9. Bd3 Bxd6 10. Nf3 h6 11. Qe2 Ne7 12. 0-0 Qc7 13. c4 Bf4 14. Ba3 Bd6 15. c5 Bf4 16. g3 Bg5 17. Nxg5 hxg5 18. Be4 f5 19. Bg2 0-0 20. c6 bxc6 21. Rac1 Bb7 22. Qxe6+ Rf7 23. d5 Qc8 24. Qd6 Qd8 25. dxc6 Ba6 26. Rfd1 Qxd6 27. Rxd6 Re8 28. c7 Bc8 29. Re1 Kf8 30. Rd8 g6 31. Rxe7 Rfxe7 32. Bc6 Kf7 33. Bxe8+ Rxe8 34. Kf1 Ba6+ 35. Kg2 Bb7+ 36. f3 g4 37. Kf2 Bc8 38. fxg4 fxg4 39. Bd6 Bb7 40. Rb8 Bc8 41. Ra8 Bd7 42. Rxa7 Ke6 43. Bf4 Rc8 44. a4 Bc6 45. a5 Kd7 46. a6 Ra8 47. Rxa8 Bxa8 48. Ke3 Kc8 49. Kd4 Bf3 50. Ke5 Bg2 51. Kf6 Be4 52. a7 Kb7 53. a8Q+ Kxa8 54. c8Q+ 1-0

[Event "SVK-chT1E 2122"]
[Site "Slovakia"]
[Date "2022.01.30"]
[Round "2.2"]
[White "Najgebauer, Szemjon"]
[Black "Elias, David"]
[Result "1-0"]
[WhiteElo "2149"]
[BlackElo "1841"]
[PlyCount "133"]
[EventDate "2022.01.29"]
[EventType "team-tourn"]
[EventRounds "11"]
[EventCountry "SVK"]
[SourceTitle "EXT 2023"]
[Source "ChessBase"]
[SourceDate "2022.10.05"]
[SourceVersion "1"]
[SourceVersionDate "2022.10.05"]
[SourceQuality "1"]
[WhiteTeam "Kosice Slavia TU"]
[BlackTeam "Sabinov"]
[WhiteTeamCountry "SVK"]
[BlackTeamCountry "SVK"]

1. d4 Nf6 2. Nf3 g6 3. c4 Bg7 4. Nc3 d6 5. e4 Bg4 6. Be2 0-0 7. Be3 Nc6 8. d5 Bxf3 9. Bxf3 Na5 10. Be2 b6 11. Rc1 Nb7 12. b4 a5 13. a3 e6 14. 0-0 Re8 15. dxe6 Rxe6 16. Bf3 Rb8 17. Re1 Qd7 18. Bg5 h5 19. Qb3 Nh7 20. Be3 Be5 21. g3 g5 22. Bg2 Rg6 23. Nd5 axb4 24. axb4 g4 25. Nf4 Bxf4 26. Bxf4 Ng5 27. Qd1 Nd8 28. Bxg5 Rxg5 29. e5 Ne6 30. c5 Rd8 31. exd6 bxc5 32. bxc5 cxd6 33. c6 Qc7 34. Qd2 Re5 35. Bd5 Ng5 36. Kg2 Rde8 37. Rxe5 Rxe5 38. Qd3 Ne6 39. Rb1 h4 40. Qc4 h3+ 41. Kf1 Kf8 42. Rd1 Nd8 43. Qxg4 Rxd5 44. Rxd5 Qxc6 45. Qf3 Ne6 46. Rd3 Qc4 47. Qd5 Qg4 48. Qxd6+ Kg8 49. Qd5 Qa4 50. Qh5 Qe4 51. Qf3 Qc4 52. Qe2 Qc6 53. Qg4+ Kf8 54. Qf3 Qc4 55. Qd5 Qg4 56. f3 Qa4 57. Qe4 Qa1+ 58. Qe1 Qa6 59. Qe2 Qa1+ 60. Rd1 Qf6 61. Kf2 Qc3 62. Qe3 Qc2+ 63. Rd2 Qb1 64. Qh6+ Ke7 65. Qxh3 Qb6+ 66. Kg2 Qe3 67. Qh4+ 1-0

[Event "Vinnytsia Olkhovsky Memorial 8th"]
[Site "Vinnytsia"]
[Date "2021.07.10"]
[Round "1"]
[White "Kosich, Lesia"]
[Black "Najgebauer, Szemjon"]
[Result "0-1"]
[WhiteElo "1715"]
[BlackElo "2158"]
[PlyCount "118"]
[EventDate "2021.07.10"]
[EventType "swiss (rapid)"]
[EventRounds "9"]
[EventCountry "UKR"]
[SourceTitle "CBM 203 Extra"]
[Source "ChessBase"]
[SourceDate "2021.09.30"]
[SourceVersion "1"]
[SourceVersionDate "2021.09.30"]
[SourceQuality "1"]

1. e4 c5 2. Nf3 Nc6 3. d4 cxd4 4. Nxd4 Nf6 5. Nc3 e5 6. Ndb5 d6 7. Bg5 a6 8. Na3 b5 9. Nd5 Be7 10. Nxe7 Nxe7 11. Bxf6 gxf6 12. Be2 f5 13. f3 Bb7 14. Qd3 Rg8 15. Rg1 fxe4 16. fxe4 Ng6 17. g3 d5 18. exd5 Qxd5 19. 0-0-0 Qxd3 20. Bxd3 0-0-0 21. Rgf1 Rgf8 22. Bf5+ Kc7 23. Rxd8 Rxd8 24. c3 Rd6 25. Nc2 Bd5 26. Nb4 Bc4 27. Re1 f6 28. b3 Bf7 29. Nc2 h5 30. Ne3 h4 31. Ng4 hxg3 32. hxg3 Ne7 33. Bc2 Nd5 34. Kb2 Be6 35. Nf2 Rc6 36. Ne4 Bf5 37. b4 a5 38. a3 axb4 39. axb4 Nb6 40. Nc5 Nc4+ 41. Kc1 Bxc2 42. Kxc2 Rd6 43. Re2 Kc6 44. Ne4 Re6 45. Nc5 Re7 46. g4 Rg7 47. Rf2 Ne3+ 48. Kb3 Nxg4 49. Ne6 Re7 50. Rg2 Rxe6 51. Rxg4 e4 52. c4 bxc4+ 53. Kxc4 e3 54. Kd3 f5 55. Rg1 f4 56. Ke2 Kd5 57. b5 Ke4 58. Rg4 Re5 59. b6 Rb5 0-1

[Event "SVK-chT1E 1920"]
[Site "Slovakia"]
[Date "2020.02.22"]
[Round "8.2"]
[White "Najgebauer, Szemjon"]
[Black "Pniaczek, Marek"]
[Result "0-1"]
[WhiteElo "2168"]
[BlackElo "2109"]
[PlyCount "102"]
[EventDate "2019.10.12"]
[EventType "team-tourn"]
[EventRounds "11"]
[EventCountry "SVK"]
[SourceTitle "CBM 195 Extra"]
[Source "ChessBase"]
[SourceDate "2020.05.31"]
[SourceVersion "1"]
[SourceVersionDate "2020.05.31"]
[SourceQuality "1"]
[WhiteTeam "Kosice Slavia TU II"]
[BlackTeam "Dunajov Inbest II"]
[WhiteTeamCountry "SVK"]
[BlackTeamCountry "SVK"]

1. Nf3 Nf6 2. c4 g6 3. Nc3 Bg7 4. e4 d6 5. d4 0-0 6. Be2 Na6 7. 0-0 e5 8. Be3 Ng4 9. Bg5 Qe8 10. d5 f5 11. Ne1 Nf6 12. f3 Nh5 13. Nd3 Bd7 14. Rc1 b6 15. b4 Nf4 16. Nxf4 exf4 17. c5 Nxb4 18. cxd6 cxd6 19. a3 Rc8 20. Qb3 Qe5 21. Qxb4 Qd4+ 22. Qxd4 Bxd4+ 23. Kh1 Rxc3 24. Rxc3 Bxc3 25. Bxf4 fxe4 26. Bxd6 exf3 27. gxf3 Re8 28. Bc4 b5 29. Bd3 Re3 30. Be4 Re2 31. Bc5 a5 32. Rb1 Be5 33. h4 Kf7 34. Kg1 h5 35. Bd3 Rb2 36. Rxb2 Bxb2 37. Kf2 Bf6 38. Kg3 Be5+ 39. f4 Bc3 40. Bb6 Be1+ 41. Kf3 a4 42. Bd8 Bc3 43. Bb6 Bf6 44. Bc5 Bxh4 45. Be4 Bf5 46. Bb4 Ke8 47. Ke3 Bxe4 48. Kxe4 Kd7 49. Ke5 Be7 50. d6 Bf8 51. Kf6 h4 0-1

[Event "SVK-chT1E 1819"]
[Site "Slovakia"]
[Date "2019.03.17"]
[Round "11.4"]
[White "Najgebauer, Szemjon"]
[Black "Durica, Adam"]
[Result "1-0"]
[WhiteElo "2177"]
[BlackElo "2028"]
[PlyCount "59"]
[EventDate "2018.10.27"]
[EventType "team-tourn"]
[EventRounds "11"]
[EventCountry "SVK"]
[SourceTitle "CBM 189 Extra"]
[Source "ChessBase"]
[SourceDate "2019.06.03"]
[SourceVersion "1"]
[SourceVersionDate "2019.06.03"]
[SourceQuality "1"]
[WhiteTeam "Kosice Slavia UPJS"]
[BlackTeam "Liptov Chess School II"]
[WhiteTeamCountry "SVK"]
[BlackTeamCountry "SVK"]

1. d4 Nf6 2. c4 g6 3. Nc3 Bg7 4. e4 d6 5. Nf3 0-0 6. Be2 Bg4 7. Be3 Nc6 8. d5 Bxf3 9. Bxf3 Ne5 10. Be2 c5 11. 0-0 Ne8 12. Rc1 a6 13. a4 Nd7 14. Qd2 Nc7 15. f4 Rb8 16. Rf3 Nf6 17. Rh3 Qd7 18. f5 b5 19. Bh6 bxc4 20. Bxg7 Kxg7 21. Qh6+ Kg8 22. g4 Rxb2 23. g5 Nce8 24. gxf6 Nxf6 25. Bxc4 Rb4 26. Bxa6 c4 27. Kh1 Qa7 28. Rg1 Qf2 29. e5 dxe5 30. Ne4 1-0

[Event "SVK-chT1E 1819"]
[Site "Slovakia"]
[Date "2019.02.02"]
[Round "7.4"]
[White "Najgebauer, Szemjon"]
[Black "Balazs, Ladislav"]
[Result "1/2-1/2"]
[WhiteElo "2173"]
[BlackElo "2091"]
[PlyCount "135"]
[EventDate "2018.10.27"]
[EventType "team-tourn"]
[EventRounds "11"]
[EventCountry "SVK"]
[SourceTitle "CBM 188 Extra"]
[Source "ChessBase"]
[SourceDate "2019.02.26"]
[SourceVersion "1"]
[SourceVersionDate "2019.02.26"]
[SourceQuality "1"]
[WhiteTeam "Kosice Slavia UPJS"]
[BlackTeam "Kosice 1 CC"]
[WhiteTeamCountry "SVK"]
[BlackTeamCountry "SVK"]

1. d4 Nf6 2. Nf3 c5 3. c4 cxd4 4. Nxd4 e5 5. Nc2 Nc6 6. Nc3 Bc5 7. a3 a5 8. Be3 Bxe3 9. Nxe3 0-0 10. g3 Nd4 11. Bg2 Rb8 12. b4 d6 13. 0-0 Be6 14. Ned5 Bxd5 15. Nxd5 Nxd5 16. Bxd5 axb4 17. axb4 Qb6 18. e3 Nf5 19. Qd2 Ne7 20. Ra5 Kh8 21. Rfa1 Qd8 22. Bg2 Qc7 23. Bd5 f5 24. Ra7 f4 25. exf4 exf4 26. R7a3 Qb6 27. Bg2 Ng6 28. Rd3 fxg3 29. hxg3 Qc7 30. Rxd6 Qxc4 31. Rc1 Qg4 32. Rc7 Rbe8 33. Rdd7 Ne5 34. Rxg7 Qxg7 35. Rxg7 Kxg7 36. Qg5+ Kh8 37. Bxb7 Nf3+ 38. Bxf3 Rxf3 39. Qd5 Rff8 40. b5 Rb8 41. f4 Rfd8 42. Qe5+ Kg8 43. f5 Re8 44. Qd5+ Kg7 45. Qd7+ Kf6 46. Kg2 Ke5 47. Kf3 h5 48. b6 Rbd8 49. Qb5+ Kf6 50. b7 Kg5 51. f6+ Kxf6 52. Qxh5 Ke6 53. g4 Kd6 54. Qb5 Kc7 55. g5 Kb8 56. Kf4 Rg8 57. Qa6 Kc7 58. g6 Rb8 59. Kg5 Rgd8 60. g7 Rd5+ 61. Kf4 Rdd8 62. Kf5 Rd5+ 63. Ke6 Rdd8 64. Qb5 Re8+ 65. Kf7 Rg8 66. Kg6 Rbd8 67. Kh7 Rde8 68. Qxe8 1/2-1/2

[Event "SVK-chT1E 1819"]
[Site "Slovakia"]
[Date "2019.01.12"]
[Round "5.5"]
[White "Najgebauer, Szemjon"]
[Black "Nadzamova, Viktoria"]
[Result "1-0"]
[WhiteElo "2171"]
[BlackElo "1769"]
[PlyCount "79"]
[EventDate "2018.10.27"]
[EventType "team-tourn"]
[EventRounds "11"]
[EventCountry "SVK"]
[SourceTitle "CBM 188 Extra"]
[Source "ChessBase"]
[SourceDate "2019.02.26"]
[SourceVersion "1"]
[SourceVersionDate "2019.02.26"]
[SourceQuality "1"]
[WhiteTeam "Kosice Slavia UPJS"]
[BlackTeam "Kosice Slavia TU II"]
[WhiteTeamCountry "SVK"]
[BlackTeamCountry "SVK"]

1. d4 d5 2. c4 e6 3. Nc3 Nf6 4. cxd5 exd5 5. Bg5 c6 6. Qc2 h6 7. Bh4 Bd6 8. e3 0-0 9. Bd3 Nbd7 10. Nge2 Re8 11. Bg3 Bxg3 12. Nxg3 c5 13. 0-0 c4 14. Be2 Nf8 15. b3 cxb3 16. Qxb3 b6 17. Bb5 Re7 18. Rac1 Be6 19. Ba6 Bc8 20. Bxc8 Rxc8 21. Nxd5 Nxd5 22. Rxc8 Qxc8 23. Qxd5 Qc2 24. Qb3 Rc7 25. d5 Qxb3 26. axb3 Rc3 27. b4 Rd3 28. e4 b5 29. Ra1 Rb3 30. f3 Rxb4 31. Rxa7 Rd4 32. Rb7 b4 33. Nf5 Rd1+ 34. Kf2 Rb1 35. Ne7+ Kh7 36. Nc6 b3 37. Na5 b2 38. Nc4 Rd1 39. Rxb2 f5 40. Ne3 1-0

[Event "SVK-chT1E 1819"]
[Site "Slovakia"]
[Date "2018.10.27"]
[Round "1.6"]
[White "Najgebauer, Szemjon"]
[Black "Halak, Miklos"]
[Result "0-1"]
[WhiteElo "2155"]
[BlackElo "2243"]
[PlyCount "70"]
[EventDate "2018.10.27"]
[EventType "team-tourn"]
[EventRounds "11"]
[EventCountry "SVK"]
[SourceTitle "CBM 187 Extra"]
[Source "ChessBase"]
[SourceDate "2018.11.04"]
[SourceVersion "1"]
[SourceVersionDate "2018.11.04"]
[SourceQuality "1"]
[WhiteTeam "Kosice Slavia UPJS"]
[BlackTeam "Cebovce"]
[WhiteTeamCountry "SVK"]
[BlackTeamCountry "SVK"]

1. d4 Nf6 2. c4 g6 3. Nc3 Bg7 4. e4 d6 5. Be2 0-0 6. Be3 e5 7. d5 Qe7 8. g4 Ne8 9. g5 c6 10. h4 Nc7 11. Qd2 Bd7 12. h5 b5 13. c5 Rd8 14. hxg6 hxg6 15. f3 Be8 16. 0-0-0 b4 17. Nb1 Nba6 18. cxd6 Rxd6 19. Bc4 Rc8 20. b3 cxd5 21. Kb2 Nb5 22. Bxd5 Bc6 23. Qc2 Nd4 24. Qd3 Bxd5 25. exd5 e4 26. Qxd4 Bxd4+ 27. Bxd4 f6 28. gxf6 Rxf6 29. Rd2 Qc7 30. Rdh2 Qc1+ 31. Ka1 Rff8 32. d6 Kf7 33. fxe4 Ke6 34. e5 Rf1 35. Rb2 Rc2 0-1

[Event "Kosice Kotan Memorial"]
[Site "Kosice"]
[Date "2018.07.28"]
[Round "9"]
[White "Najgebauer, Szemjon"]
[Black "Kardis, Benjamin"]
[Result "1-0"]
[WhiteElo "2163"]
[BlackElo "1857"]
[PlyCount "87"]
[EventDate "2018.07.21"]
[EventType "swiss"]
[EventRounds "9"]
[EventCountry "SVK"]
[SourceTitle "EXT 2019"]
[Source "ChessBase"]
[SourceDate "2018.10.10"]
[SourceVersion "1"]
[SourceVersionDate "2018.10.10"]
[SourceQuality "1"]

1. d4 d5 2. c4 e6 3. Nc3 c6 4. Nf3 Bd6 5. Bg5 Be7 6. Bf4 Bd6 7. Bg3 f5 8. e3 Nf6 9. Bd3 0-0 10. 0-0 Ne4 11. Bxd6 Qxd6 12. Qc2 Nd7 13. a3 h6 14. b4 g5 15. Nd2 Ndf6 16. f3 Nxd2 17. Qxd2 Nh5 18. g3 Bd7 19. c5 Qe7 20. e4 dxe4 21. fxe4 f4 22. Qg2 fxg3 23. hxg3 Nf6 24. Rae1 e5 25. d5 Ng4 26. Nd1 Rxf1+ 27. Rxf1 Rf8 28. Rxf8+ Kxf8 29. Qf3+ Kg7 30. Ne3 Nxe3 31. Qxe3 Qf6 32. Bc4 h5 33. a4 a6 34. Qf2 Qxf2+ 35. Kxf2 Kf6 36. Ke3 h4 37. gxh4 gxh4 38. dxc6 Bxc6 39. b5 axb5 40. axb5 Bd7 41. b6 h3 42. Kf2 Ke7 43. Bd5 Bb5 44. c6 1-0

[Event "Kosice Kotan Memorial"]
[Site "Kosice"]
[Date "2018.07.24"]
[Round "5"]
[White "Najgebauer, Szemjon"]
[Black "Endresz, Pavol"]
[Result "0-1"]
[WhiteElo "2163"]
[BlackElo "2047"]
[PlyCount "96"]
[EventDate "2018.07.21"]
[EventType "swiss"]
[EventRounds "9"]
[EventCountry "SVK"]
[SourceTitle "CBM 185 Extra"]
[Source "ChessBase"]
[SourceDate "2018.07.29"]
[SourceVersion "1"]
[SourceVersionDate "2018.07.29"]
[SourceQuality "1"]

1. Nf3 c5 2. e4 Nc6 3. d4 cxd4 4. Nxd4 g6 5. c4 Bg7 6. Be3 Nf6 7. Nc3 0-0 8. Be2 d6 9. 0-0 Nxd4 10. Bxd4 Bd7 11. Qd2 Bc6 12. f3 a5 13. Rad1 Nd7 14. Be3 a4 15. Rfe1 Qa5 16. Nd5 Bxd5 17. exd5 Qxd2 18. Rxd2 a3 19. b4 Bc3 20. Rb1 Bxd2 21. Bxd2 Rfc8 22. Be3 Rc7 23. Kf1 Ne5 24. c5 Nd7 25. Bb5 Nf6 26. Rd1 Rac8 27. Rd3 dxc5 28. bxc5 Rxc5 29. Bxc5 Rxc5 30. Ba4 Nxd5 31. Rxa3 Ra5 32. Rd3 Rxa4 33. Rxd5 Rxa2 34. Rb5 Ra7 35. Kf2 Kf8 36. g4 Ke8 37. h4 Kd7 38. Rd5+ Ke6 39. Rd8 h5 40. Rd2 Ra5 41. Rb2 b5 42. Re2+ Kd6 43. Rd2+ Kc6 44. Rc2+ Kb6 45. gxh5 gxh5 46. Re2 e6 47. Rd2 b4 48. Ke2 Rf5 0-1

[Event "Kosice Kotan Memorial"]
[Site "Kosice"]
[Date "2018.07.23"]
[Round "4"]
[White "Dovzik, Juri"]
[Black "Najgebauer, Szemjon"]
[Result "1/2-1/2"]
[WhiteElo "2288"]
[BlackElo "2163"]
[PlyCount "36"]
[EventDate "2018.07.21"]
[EventType "swiss"]
[EventRounds "9"]
[EventCountry "SVK"]
[SourceTitle "CBM 185 Extra"]
[Source "ChessBase"]
[SourceDate "2018.07.29"]
[SourceVersion "1"]
[SourceVersionDate "2018.07.29"]
[SourceQuality "1"]

1. b3 c5 2. c4 Nf6 3. Bb2 e6 4. Nf3 Be7 5. g3 0-0 6. Bg2 d5 7. cxd5 Nxd5 8. 0-0 Nc6 9. Nc3 Bf6 10. Na4 Bxb2 11. Nxb2 b6 12. Nc4 Bb7 13. Rc1 Qe7 14. Qc2 Rfd8 15. Qb2 Nf6 16. d3 Nd4 17. Nce5 Nxf3+ 18. Nxf3 h6 1/2-1/2

[Event "SVK-chT2D 1718"]
[Site "Slovakia"]
[Date "2018.02.25"]
[Round "9.1"]
[White "Najgebauer, Szemjon"]
[Black "Endresz, Pavol"]
[Result "1/2-1/2"]
[WhiteElo "2173"]
[BlackElo "2051"]
[PlyCount "206"]
[EventDate "2017.10.28"]
[EventType "team-tourn"]
[EventRounds "11"]
[EventCountry "SVK"]
[SourceTitle "EXT 2019"]
[Source "ChessBase"]
[SourceDate "2018.10.10"]
[SourceVersion "1"]
[SourceVersionDate "2018.10.10"]
[SourceQuality "1"]
[WhiteTeam "Kosice Slavia UPJS III"]
[BlackTeam "Poprad LS VD"]
[WhiteTeamCountry "SVK"]
[BlackTeamCountry "SVK"]

1. Nf3 c5 2. c4 Nc6 3. d4 cxd4 4. Nxd4 g6 5. e4 Bg7 6. Be3 Nf6 7. Nc3 0-0 8. Be2 d6 9. 0-0 Nxd4 10. Bxd4 Bd7 11. Qd2 Bc6 12. Qe3 Qa5 13. Nd5 Bxd5 14. exd5 Rfe8 15. b4 Qa4 16. a3 a6 17. Rac1 Rac8 18. f4 Qd7 19. Qd3 Qf5 20. Qd1 h5 21. Bd3 Qg4 22. Be2 Qf5 23. Bf3 Qxf4 24. Bxh5 Qh4 25. Bf3 Nd7 26. Bxg7 Kxg7 27. g3 Qg5 28. Qd4+ Qe5 29. Qf2 Rc7 30. c5 Qf5 31. Rc4 f6 32. Rf4 Qd3 33. Be4 Qc3 34. Bxg6 Rg8 35. cxd6 exd6 36. Be4 Rc4 37. Rg4+ Kf8 38. Rxg8+ Kxg8 39. Bf5 Nf8 40. Be6+ Kg7 41. Qb6 Nxe6 42. dxe6 Qd4+ 43. Qxd4 Rxd4 44. Rc1 Rd3 45. Rc7+ Kg6 46. a4 b5 47. axb5 axb5 48. Rb7 Re3 49. Rxb5 Rxe6 50. Kf2 Re4 51. Kf3 d5 52. Rb8 Kf5 53. b5 Rb4 54. Ke3 Ke5 55. Kd3 d4 56. b6 Kd5 57. b7 Kc6 58. Rf8 Kxb7 59. Rxf6 Kc7 60. Rf4 Rb2 61. Rh4 Kd6 62. Rxd4+ Ke5 63. Re4+ Kf5 64. Rf4+ Kg5 65. h4+ Kh5 66. Rf5+ Kh6 67. Ke3 Rb3+ 68. Kf4 Rb4+ 69. Kf3 Rb3+ 70. Kg4 Rb4+ 71. Rf4 Rb5 72. Rf6+ Kg7 73. Rf5 Rb3 74. h5 Rc3 75. Kh4 Kh6 76. g4 Rc4 77. Rf6+ Kg7 78. Rg6+ Kh7 79. Rg5 Kh6 80. Rd5 Rb4 81. Re5 Ra4 82. Re6+ Kh7 83. Kg5 Ra7 84. Kf5 Ra5+ 85. Re5 Ra7 86. g5 Rf7+ 87. Ke6 Rf1 88. Rf5 Ra1 89. Rf7+ Kg8 90. Rd7 Rf1 91. Rd8+ Kg7 92. h6+ Kh7 93. Rd7+ Kg8 94. g6 Re1+ 95. Kd6 Rd1+ 96. Ke7 Re1+ 97. Kf6 Rf1+ 98. Ke7 Re1+ 99. Kd8 Re6 100. Rg7+ Kh8 101. Rh7+ Kg8 102. Rg7+ Kh8 103. Rh7+ Kg8 1/2-1/2

[Event "SVK-chT2D 1718"]
[Site "Slovakia"]
[Date "2018.01.14"]
[Round "6.1"]
[White "Balazs, Ladislav"]
[Black "Najgebauer, Szemjon"]
[Result "0-1"]
[WhiteElo "2125"]
[BlackElo "2173"]
[PlyCount "120"]
[EventDate "2017.10.28"]
[EventType "team-tourn"]
[EventRounds "11"]
[EventCountry "SVK"]
[SourceTitle "EXT 2019"]
[Source "ChessBase"]
[SourceDate "2018.10.10"]
[SourceVersion "1"]
[SourceVersionDate "2018.10.10"]
[SourceQuality "1"]
[WhiteTeam "Moldava nad Bodvou"]
[BlackTeam "Kosice Slavia UPJS III"]
[WhiteTeamCountry "SVK"]
[BlackTeamCountry "SVK"]

1. e4 c5 2. Nf3 Nc6 3. d4 cxd4 4. Nxd4 Nf6 5. Nc3 e5 6. Ndb5 d6 7. a4 a6 8. Na3 Bg4 9. f3 Be6 10. Bc4 Rc8 11. Bg5 Nd4 12. Nd5 Be7 13. Bxf6 Bxf6 14. c3 Nc6 15. 0-0 0-0 16. Kh1 Bg5 17. b4 Ne7 18. Nxe7+ Qxe7 19. Bxe6 Qxe6 20. c4 f5 21. Qd5 Qxd5 22. exd5 e4 23. f4 Bf6 24. Rab1 Bc3 25. Rb3 Bd2 26. Nb1 e3 27. Nxd2 exd2 28. c5 dxc5 29. bxc5 Rxc5 30. Rd3 Rd8 31. Rxd2 Rcxd5 32. Rxd5 Rxd5 33. Rb1 b5 34. axb5 axb5 35. Kg1 Kf7 36. Kf2 Ke6 37. Ke3 Kd6 38. h3 Kc6 39. g4 g6 40. Ke2 Rd4 41. Ke3 Re4+ 42. Kf3 Kc5 43. gxf5 gxf5 44. Rc1+ Rc4 45. Re1 Rc3+ 46. Kg2 Kd4 47. Re7 h5 48. Rb7 Rb3 49. Rh7 Ke4 50. Rxh5 Kxf4 51. Rh4+ Ke3 52. Kg3 Rb2 53. Rh8 f4+ 54. Kh4 f3 55. Re8+ Kf2 56. Re4 Rc2 57. Kg5 Rc5+ 58. Kf6 Rc4 59. Re5 b4 60. Kg5 Kg2 0-1

[Event "SVK-chT2D 1718"]
[Site "Slovakia"]
[Date "2018.01.13"]
[Round "5.1"]
[White "Tropp, Lukas"]
[Black "Najgebauer, Szemjon"]
[Result "1/2-1/2"]
[WhiteElo "2096"]
[BlackElo "2173"]
[PlyCount "89"]
[EventDate "2017.10.28"]
[EventType "team-tourn"]
[EventRounds "11"]
[EventCountry "SVK"]
[SourceTitle "EXT 2019"]
[Source "ChessBase"]
[SourceDate "2018.10.10"]
[SourceVersion "1"]
[SourceVersionDate "2018.10.10"]
[SourceQuality "1"]
[WhiteTeam "Kosice Slavia TU IV"]
[BlackTeam "Kosice Slavia UPJS III"]
[WhiteTeamCountry "SVK"]
[BlackTeamCountry "SVK"]

1. d4 Nf6 2. Bf4 g6 3. e3 b6 4. Nf3 Bb7 5. Nbd2 d6 6. h3 Bg7 7. Bc4 0-0 8. 0-0 Nbd7 9. Re1 a6 10. a4 h6 11. c3 c5 12. Qe2 Nd5 13. Bg3 Nc7 14. e4 e5 15. dxe5 dxe5 16. Rad1 Qe7 17. Nf1 Bc6 18. Qc2 b5 19. Bd5 Bxd5 20. exd5 Qd6 21. b4 c4 22. Nd4 f5 23. Bh2 Kh7 24. Kh1 f4 25. Nf3 Nb6 26. N1d2 Nbxd5 27. Ne4 Qe7 28. Ra1 Ne6 29. Nfd2 Ng5 30. Nxg5+ Qxg5 31. Ne4 Qf5 32. f3 Rfd8 33. Bg1 Nf6 34. axb5 axb5 35. Ra5 Nxe4 36. fxe4 Qd7 37. Rxa8 Rxa8 38. Rd1 Ra2 39. Rxd7 Rxc2 40. Bc5 Kg8 41. Rd8+ Kf7 42. Rd7+ Kf6 43. h4 h5 44. Rd6+ Kf7 45. Rd7+ 1/2-1/2